Arsenal 2022/23 - Statistiques

Statistiques générales
  • Ce quiz a été pris 85 fois
  • Le résultat moyen est 18 sur 24
Statistiques - réponses
Hint Réponse % Correct
G Aaron Ramsdale
97%
M Bukayo Saka
96%
A Gabriel Jesus
94%
D William Saliba
94%
D Gabriel
91%
E Mikel Arteta
91%
A Gabriel Martinelli
90%
M Thomas Partey
89%
M Martin Odegaard
87%
D Ben White
84%
M Granit Xhaka
84%
D Oleksandr Zinchenko
83%
D Takehiro Tomiyasu
81%
A Edward Nketiah
79%
D Kieran Tierney
76%
D Robert Holding
70%
M Emile Smith Rowe
69%
G Matthew Turner
66%
A Reiss Nelson
61%
M Mohamed Elneny
60%
M Fabio Vieira
56%
D Cedric Soares
53%
M Sambi Lokonga
47%
A Marquinhos
34%
Aucun quiz correspondant
Distribution des résultats
% des personnes avec chaque résultat
Percentile par nombre de réponses
Votre historique - résultats
Vous n’avez pas pris ce quiz